El relato del peregrino / (Record no. 82358)

MARC details
000 -LEADER
campo de control de longitud fija 00625nam a2200193 i 4500
001 - NÚMERO DE CONTROL
campo de control 82358
003 - IDENTIFICADOR DE NÚMERO DE CONTROL
campo de control ES-MaACL
005 - FECHA Y HORA DE LA ÚLTIMA TRANSACCIÓN
campo de control 20230906174647.0
007 - CAMPO FIJO DE DESCRIPCIÓN FÍSICA--INFORMACIÓN GENERAL
campo de control de longitud fija t|
008 - DATOS DE LONGITUD FIJA--INFORMACIÓN GENERAL
campo de control de longitud fija 041110s1973 sp ||||1| spa d
100 0# - ENTRADA PRINCIPAL--NOMBRE DE PERSONA
Nombre de persona Ignacio de Loyola
Títulos y otros términos asociados al nombre , Santo.
9 (RLIN) 65147
245 13 - MENCIÓN DEL TÍTULO
Título El relato del peregrino /
Mención de responsabilidad, etc. San Ignacio de Loyola ; [revisión, presentación y traducción del italiano de los capítulos 8, 9 y 10 de Carmen Artal].
260 ## - PUBLICACIÓN, DISTRIBUCIÓN, ETC.
Lugar de publicación, distribución, etc. Barcelona :
Nombre del editor, distribuidor, etc. Labor,
Fecha de publicación, distribución, etc. [1973]
490 1# - MENCIÓN DE SERIE
Mención de serie Maldoror
700 1# - ENTRADA AGREGADA--NOMBRE PERSONAL
Nombre de persona Artal, Carmen.
9 (RLIN) 23417
830 0# - PUNTO DE ACCESO ADICIONAL DE SERIE-TÍTULO UNIFORME
Título uniforme Maldoror
9 (RLIN) 186737
852 ## - LOCALIZACIÓN
Ubicación ES-MaACL
Número de control de estantería C-56173
Sublocalización o colección R.88732
Holdings
Estatus retirado Estado de pérdida Estado de daño No para préstamo Biblioteca de origen Biblioteca actual Ubicación en estantería Fecha de adquisición Fuente de adquisición Total de préstamos Signatura topográfica completa Código de barras Visto por última vez Precio de reemplazo Tipo de ítem Koha
        Biblioteca del Ateneo de Madrid Biblioteca del Ateneo de Madrid Depósito 2 17/01/2008     C-56173 1086074 23/02/2023 23/02/2023 Libro impreso